000
00255nam a2200097Ia 4500
001
734524
005
20250826163835.0
008
250824s9999 xx 000 0 und d
245
0
_a
ADRES SORAN KIRLANGIÇ
_c
ŞEBNEM GÜLER KARACAN
260
_b
YEDİVEREN ÇOCUK
999
_c
734524
_d
734524